Reinforced concrete service life design (Record no. 105397)

MARC details
000 -LEADER
fixed length control field 01024cam a2200277 4500
001 - CONTROL NUMBER
control field ##L133435
008 - FIXED-LENGTH DATA ELEMENTS--GENERAL INFORMATION
fixed length control field 060508n2006 000 0 eng u
020 ## - INTERNATIONAL STANDARD BOOK NUMBER
International Standard Book Number 1860819079
035 ## - SYSTEM CONTROL NUMBER
System control number (Sirsi) u133435
041 0# - LANGUAGE CODE
Language code of text/sound track or separate title eng
050 04 - LIBRARY OF CONGRESS CALL NUMBER
Classification number 693.5 $2 18
100 1# - MAIN ENTRY--PERSONAL NAME
Personal name Nolan, É.
245 00 - TITLE STATEMENT
Title Reinforced concrete service life design
Remainder of title design for durability
260 ## - PUBLICATION, DISTRIBUTION, ETC.
Place of publication, distribution, etc. Watford
Name of publisher, distributor, etc. BRE
Date of publication, distribution, etc. 2006
300 ## - PHYSICAL DESCRIPTION
Extent 6p.
Other physical details ill.
Dimensions 30cm.
490 #0 - SERIES STATEMENT
Series statement BRE Information Paper
Volume/sequential designation IP 3/06 Part 2
520 ## - SUMMARY, ETC.
Summary, etc. Examines detailed design, focussing on durability life related aspects, which is part of the BRE's service life design system for reinforced concrete. This is the second part of a three part information paper (see also L133433 and L133774).
590 ## - LOCAL NOTE (RLIN)
Local note IKA190906
651 #4 - SUBJECT ADDED ENTRY--GEOGRAPHIC NAME
Geographic name United Kingdom
Chronological subdivision
690 ## - LOCAL SUBJECT ADDED ENTRY--TOPICAL TERM (OCLC, RLIN)
Topical term or geographic name as entry element BUILT ENVIRONMENT-BUILDING MATERIALS-CEMENTITIOUS, CONCRETE AND MINERAL BOUND MATERIALS-CONCRETE
700 1# - ADDED ENTRY--PERSONAL NAME
Personal name Quillin, K.
700 1# - ADDED ENTRY--PERSONAL NAME
Personal name Nixon, P.
700 1# - ADDED ENTRY--PERSONAL NAME
Personal name Sergi, G
700 1# - ADDED ENTRY--PERSONAL NAME
Personal name Somerville, G.
942 ## - ADDED ENTRY ELEMENTS (KOHA)
Suppress in OPAC 0
Holdings
Withdrawn status Lost status Source of classification or shelving scheme Damaged status Not for loan Home library Current library Shelving location Date acquired Total Checkouts Full call number Barcode Date last seen Copy number Price effective from Koha item type
    Dewey Decimal Classification     London London BRE publications 06/09/2006   ENQUIRY DESK 30072970 06/08/2019 1 06/08/2019 Book